

| 000 -LEADER | |
|---|---|
| fixed length control field | 01819nam a2200217Ia 4500 |
| 003 - CONTROL NUMBER IDENTIFIER | |
| control field | OSt |
| 005 - DATE AND TIME OF LATEST TRANSACTION | |
| control field | 20210216152353.0 |
| 008 - FIXED-LENGTH DATA ELEMENTS--GENERAL INFORMATION | |
| fixed length control field | 160316s2014 xxu||||| |||| 00| 0 eng d |
| 020 ## - INTERNATIONAL STANDARD BOOK NUMBER | |
| International Standard Book Number | 9781316500606 |
| 040 ## - CATALOGING SOURCE | |
| Transcribing agency | n |
| 082 ## - DEWEY DECIMAL CLASSIFICATION NUMBER | |
| Classification number | 341.481000 |
| Item number | FOL |
| 100 ## - MAIN ENTRY--PERSONAL NAME | |
| Personal name | Follesdal Andreas |
| 245 ## - TITLE STATEMENT | |
| Title | The legitimacy of international human rights regimes : Legal, political and philosophical perspectives |
| 260 ## - PUBLICATION, DISTRIBUTION, ETC. | |
| Place of publication, distribution, etc. | Cambridge |
| Name of publisher, distributor, etc. | Cambridge University Press |
| Date of publication, distribution, etc. | 2014 |
| 300 ## - PHYSICAL DESCRIPTION | |
| Extent | 309p |
| Dimensions | xi |
| 365 ## - TRADE PRICE | |
| Price amount | Rs. 6,271 |
| 505 ## - FORMATTED CONTENTS NOTE | |
| Formatted contents note | Table of contents<br/>1. International human rights and the challenge of legitimacy Johan Karlsson Schaffer, Andreas Follesdal and Geir Ulfstein; <br/>2. The legitimate authority of international human rights: on the reciprocal legitimation of domestic and international human rights Samantha Besson; <br/>3. On the legitimate authority of international human rights bodies Steven Wheatley; <br/>4. Equality, human rights, and political legitimacy Kristen Hessler; <br/>5. The legitimacy of international interpretive authorities for human rights treaties: an indirect-instrumentalist defence Basak Cali;<br/>6. Torture and the politics of legitimation in international law Ian Hurd; <br/>7. Legitimacy, institutional power, and international human rights institutions: a conceptual enquiry Lynn Dobson; <br/>8. Legitimacy, global governance and human rights institutions: inverting the puzzle Johan Karlsson Schaffer; <br/>9. The democratic legitimacy of international human rights conventions: political constitutionalism and the Hirst case Richard Bellamy; <br/>10. Much ado about nothing? International judicial review of human rights in well-functioning democracies Andreas Follesdal. |
| 650 ## - SUBJECT ADDED ENTRY--TOPICAL TERM | |
| Topical term or geographic name entry element | 1. Human Rights2. Effectiveness & Validtity Of Law |
| 700 ## - ADDED ENTRY--PERSONAL NAME | |
| Personal name | Schaffer Johan Karlsson |
| -- | Ulfstein Geir |
| 942 ## - ADDED ENTRY ELEMENTS (KOHA) | |
| Source of classification or shelving scheme | Dewey Decimal Classification |
| Koha item type | BOOKs |
| Withdrawn status | Lost status | Damaged status | Not for loan | Home library | Current library | Shelving location | Date acquired | Cost, normal purchase price | Total Checkouts | Full call number | Barcode | Date last seen | Price effective from | Koha item type |
|---|---|---|---|---|---|---|---|---|---|---|---|---|---|---|
| . | . | 30.05.2017 | 6721.00 | 341.481 FOL | 33850 | 30.05.2017 | 30.05.2017 | BOOKs |